ARRUPE JESUIT UNIVERSITY

CORONAVIRUS -STOP THE SPREAD - CLEAN,DISINFECT,COVER

Un banquet pour l'éternité : (Record no. 126056)

MARC details
000 -LEADER
fixed length control field 01319nam a2200337 a 4500
001 - CONTROL NUMBER
control field 4029022
003 - CONTROL NUMBER IDENTIFIER
control field ARRUPE
005 - DATE AND TIME OF LATEST TRANSACTION
control field 20170208114036.0
008 - FIXED-LENGTH DATA ELEMENTS--GENERAL INFORMATION
fixed length control field 971202s1997 fr a b 000 0 fre
010 ## - LIBRARY OF CONGRESS CONTROL NUMBER
LC control number 97221050
020 ## - INTERNATIONAL STANDARD BOOK NUMBER
International Standard Book Number 2728908141
040 ## - CATALOGING SOURCE
Original cataloging agency DLC
Transcribing agency DLC
043 ## - GEOGRAPHIC AREA CODE
Geographic area code e-it---
050 00 - LIBRARY OF CONGRESS CALL NUMBER
Classification number ND623.C47
Item number A69 1997
300 ## - PHYSICAL DESCRIPTION
Other physical details col. ill. ;
Dimensions 25 cm.
100 1# - MAIN ENTRY--PERSONAL NAME
Personal name Rigaux, Dominique.
9 (RLIN) 28629
245 13 - TITLE STATEMENT
Title Un banquet pour l'éternité :
Remainder of title la Cène d'Andrea del Castagno /
Statement of responsibility, etc Dominique Rigaux ; photographies de Giovanni Dagli Orti.
260 ## - PUBLICATION, DISTRIBUTION, ETC. (IMPRINT)
Place of publication, distribution, etc [Paris] :
Name of publisher, distributor, etc Mame,
Date of publication, distribution, etc c1997.
300 ## - PHYSICAL DESCRIPTION
Extent 127 p. :
440 #3 - SERIES STATEMENT/ADDED ENTRY--TITLE
Title Un certain regard
9 (RLIN) 28630
504 ## - BIBLIOGRAPHY, ETC. NOTE
Bibliography, etc Includes bibliographical references (p. 123-124).
600 10 - SUBJECT ADDED ENTRY--PERSONAL NAME
Personal name Castagno, Andrea del,
Dates associated with a name 1423-1457.
Title of a work Last Supper.
9 (RLIN) 28631
650 #0 - SUBJECT ADDED ENTRY--TOPICAL TERM
Topical term or geographic name as entry element Last Supper in art.
9 (RLIN) 28632
650 #0 - SUBJECT ADDED ENTRY--TOPICAL TERM
Topical term or geographic name as entry element Mural painting and decoration, Italian
Geographic subdivision Italy
-- Florence.
9 (RLIN) 28633
650 #0 - SUBJECT ADDED ENTRY--TOPICAL TERM
Topical term or geographic name as entry element Mural painting and decoration, Renaissance
Geographic subdivision Italy
-- Florence.
9 (RLIN) 28634
650 #0 - SUBJECT ADDED ENTRY--TOPICAL TERM
Topical term or geographic name as entry element Mural painting and decoration
Geographic subdivision Italy
-- Florence.
9 (RLIN) 28635
700 1# - ADDED ENTRY--PERSONAL NAME
Personal name Castagno, Andrea del,
Dates associated with a name 1423-1457.
9 (RLIN) 28636
700 1# - ADDED ENTRY--PERSONAL NAME
Personal name Dagli Orti, Giovanni.
9 (RLIN) 28637
906 ## - LOCAL DATA ELEMENT F, LDF (RLIN)
a 7
b cbc
c orignew
d 3
e ncip
f 19
g y-gencatlg
942 ## - ADDED ENTRY ELEMENTS (KOHA)
Source of classification or shelving scheme Library of Congress Classification
Koha item type Monograph ( Printed materials)
Holdings
Withdrawn status Lost status Source of classification or shelving scheme Damaged status Not for loan Collection code Home library Current library Shelving location Date acquired Total Checkouts Full call number Barcode Date last seen Price effective from Koha item type
    Library of Congress Classification     Main Collection ARRUPE LIBRARY ARRUPE LIBRARY Main Collection 08/02/2017   ND623.C47 A69 1997 46500023986 03/07/2018 08/02/2017 Monograph ( Printed materials)

 

Arrupe Library. PO Box MP320 Mt Pleasant, Harare, Zimbabwe
263 242 745411|librarian@aju.ac.zw